000 01237nam0a22002651 4500
001 rc\4192088
005 20260407214743.0
021 _aRU
_b[53-28075]
035 _a(NLR Aleph) 008197700
090 _a8016700
_c8016700
100 _a20130415d1953 |||y0rusy50 ca
101 0 _arus
102 _aRU
105 _ay z |||||
200 1 _aТехнические условия на зеркальное полированное стекло для строительства
_e[Утв. 14/II 1953 г.]
_fМ-во пром-сти строит. материалов СССР. Техн. совет и Техн. упр. Центр. бюро техн. информации
210 _aМосква
_cПромстройиздат
_d1953
215 _a8 с.
_d22
225 1 _a[Руководящие указания]
606 _aСтекло полированное
_jТехнические условия
_2psbo
710 0 1 _aСССР
_bМинистерство промышленности строительных материалов
_bТехническое управление
_3RU\NLR\AUTH\8810144544
_9783523
801 0 _aRU
_bNLR
_gpsbo
801 1 _aRU
_bELAR
_2rusmarc
852 _aNLR
_jТ44 Г-6/566
942 _cBOOK
980 _aNB